| 000 | 00840nam a2200253 a 4500 | ||
|---|---|---|---|
| 001 | CL000107191 | ||
| 005 | 20240524065606.0 | ||
| 008 | 160706s2016 vm vie d | ||
| 020 | _a9786045846148 | ||
| 040 |
_aDLC _eAACR2 |
||
| 041 | 1 | _avie | |
| 082 | 0 | 4 |
_a158.1 _bT761B |
| 100 | 1 | _aTracy, Brian. | |
| 245 | 1 | 0 |
_aChinh phục mục tiêu Goals _b: How to get everything you want faster than you ever thought possible _c/ Brian Tracy; Nguyễn Trung An dịch. |
| 246 | 1 | 1 | _aHow to get everything you want faster than you ever thought possible |
| 260 |
_aTp. Hồ Chí Minh _b: Tổng hợp TP. Hồ Chí Minh _c, 2016 |
||
| 300 |
_a325 tr. _c21cm |
||
| 653 | 0 | _a Goal (Psychology) | |
| 653 | 0 | _aSuccess | |
| 653 | 4 | _aGoal (Tâm lý học) | |
| 653 | 4 | _aThành công | |
| 700 | 1 |
_aNguyễn, Trung An _e: Dịch |
|
| 942 |
_2ddc _cBK |
||
| 999 |
_c3 _d3 |
||